Statistiken für Länder Mit Sieben Buchstaben

Klicken Sie hier um das Quiz zu spielen!

Allgemein

  • Dieses Quiz wurde 370 mal gespielt
  • Das Durchschnittsergebnis liegt bei 17 aus 31

Antwortstatistiken

Antwort% Korrekt
Spanien
84%
Italien
77%
Belgien
76%
Serbien
73%
Estland
71%
Schweiz
71%
Litauen
69%
Andorra
65%
Ecuador
65%
Uruguay
65%
Nigeria
57%
Marokko
56%
Ukraine
56%
Ägypten
54%
Namibia
54%
Jamaika
53%
Vanuatu
53%
Senegal
51%
Somalia
51%
Vietnam
51%
Bahamas
47%
Fidschi
47%
Lesotho
47%
Eritrea
44%
Kamerun
41%
Liberia
41%
Burundi
40%
Grenada
40%
Libanon
37%
Bahrain
31%
Komoren
28%

Verteilung der Resultate

Perzentil nach korrekt beantworteten Fragen

Anzahl Personen mit jedem Resultat

Ihre Resultats-Entwicklung

Sie haben dieses Quiz noch nicht gespielt